Fundamentos morales: una introducción a la ética (Registro nro. 11872)
[ vista simple ]
| 000 -CABECERA | |
|---|---|
| campo de control de longitud fija | 01053nam a22003737a 4500 |
| 005 - FECHA Y HORA DE ACTUALIZACIÓN | |
| campo de control | 20190429161926.0 |
| 008 - LONGITUD FIJA | |
| campo de control de longitud fija | 190429b xxu||||| |||| 00| 0 spa d |
| 020 ## - INTERNATIONAL STANDARD BOOK NUMBER | |
| Número Internacional Estándar del Libro | 9789977678658 |
| 041 ## - IDIOMA | |
| Código de idioma del texto/pista de sonido o título separado | |
| 082 ## - CLASIFICACIÓN DECIMAL DEWEY | |
| Número de clasificación | 170 S629f |
| 100 ## - AUTOR PERSONAL | |
| Nombre de persona | Skutch, Alexander Frank |
| 245 ## - TÍTULO PROPIAMENTE DICHO | |
| Título | Fundamentos morales: una introducción a la ética |
| 260 ## - PIE DE IMPRENTA | |
| Lugar de publicación, distribución, etc. | Costa Rica |
| 260 ## - PIE DE IMPRENTA | |
| Nombre del editor, distribuidor, etc. | Editorial UCR |
| 260 ## - PIE DE IMPRENTA | |
| Fecha de publicación, distribución, etc. | 2009 |
| 300 ## - DESCRIPCIÓN FÍSICA | |
| Extensión | 272 páginas |
| 650 ## - Materia General | |
| Materia general | COSTA RICA |
| 650 ## - Materia General | |
| Materia general | ÉTICA |
| 650 ## - Materia General | |
| Materia general | MORALIDAD |
| 650 ## - Materia General | |
| Materia general | RAZÓN |
| 650 ## - Materia General | |
| Materia general | RELACIONES MORALES |
| 650 ## - Materia General | |
| Materia general | CONCIENCIA |
| 650 ## - Materia General | |
| Materia general | PLACERES |
| 650 ## - Materia General | |
| Materia general | FELICIDAD |
| 650 ## - Materia General | |
| Materia general | LIBERTAD MORAL |
| 650 ## - Materia General | |
| Materia general | JUICIOS ÉTICOS |
| 650 ## - Materia General | |
| Materia general | ESTRUCTURA SOCIAL |
| 650 ## - Materia General | |
| Materia general | PROTOMORALIDAD DE LOS ANIMALES |
| 650 ## - Materia General | |
| Materia general | INSTINTO MORAL |
| 650 ## - Materia General | |
| Materia general | INSTRUCCIONES MORALES |
| 650 ## - Materia General | |
| Materia general | SISTEMAS ÉTICOS |
| 650 ## - Materia General | |
| Materia general | ÉTICA UNIVERSAL |
| 942 ## - Punto de Acceso Adicional Koha | |
| Tipo de ítem Koha | Libro |
| Estado perdido | Estado dañado | No para préstamo | Biblioteca permanente | Biblioteca actual | Signatura completa | Código de barras | Precio efectivo a partir del | Tipo de ítem |
|---|---|---|---|---|---|---|---|---|
| Departamento de Biblioteca y Documentación Alfonso Chase Brenes | Departamento de Biblioteca y Documentación Alfonso Chase Brenes | 170 S629f | 17522 | 29/04/2019 | Libro | |||
| Departamento de Biblioteca y Documentación Alfonso Chase Brenes | Departamento de Biblioteca y Documentación Alfonso Chase Brenes | 170 S629f | 17523 | 29/04/2019 | Libro |